| 000 | 00000nam 2200000zi 4500 |
| 001 | 9.939772 |
| 003 | CaOODSP |
| 005 | 20240625094409 |
| 006 | m o d f |
| 007 | cr |n |||||||| |
| 008 | 240625s2024 onc ol f|0| 0|fre d |
| 040 | |aCaOODSP|bfre|erda|cCaOODSP |
| 041 | |afre|aeng |
| 043 | |an-cn--- |
| 086 | 1 |aYB441-287/1-PDF |
| 110 | 1 |aCanada. |bParlement. |bSénat, |eorganisme de publication. |
| 245 | 13|aAn Act to amend the Canada Transportation Act (interswitching) = |bLoi modifiant la Loi sur les transports au Canada (interconnexion ferroviaire). |
| 246 | 31|aLoi modifiant la Loi sur les transports au Canada (interconnexion ferroviaire) |
| 246 | 11|iTitre abrégé : |aLoi abrogeant l’interconnexion ferroviaire élargie |
| 264 | 1|a[Ottawa] : |bSenate of Canada = Sénat du Canada, |c2024 |
| 300 | |a1 ressource en ligne (ii, 2, 2 pages). |
| 336 | |atexte|btxt|2rdacontent/fre |
| 337 | |ainformatique|bc|2rdamedia/fre |
| 338 | |aressource en ligne|bcr|2rdacarrier/fre |
| 490 | 1 |aProjet de loi S-... ; |vProjet de loi S-287, 1re session, 44e législature |
| 500 | |a« Première session, quarante-quatrième législature, 70-71 Elizabeth II - 1 Charles III, 2021-2022-2023-2024. » |
| 500 | |a« Première lecture le 20 juin 2024. » |
| 520 | |a« Le texte prévoit l’abrogation de certaines dispositions de la Loi sur les transports au Canada relatives à l’interconnexion ferroviaire élargie »--Sommaire, page ii. |
| 546 | |aTexte en français et en anglais. |
| 610 | 16|aCanada. |tLoi sur les transports au Canada. |
| 650 | 6|aChemins de fer|xDroit|zCanada|vLégislation. |
| 655 | 7|aProjets de loi|2rvmgf |
| 788 | |tAn Act to amend the Canada Transportation Act (interswitching) = |eeng|w(CaOODSP)9.939771 |
| 830 | #0|aProjet de loi S-...|vProjet de loi S-287, 1re session, 44e législature.|w(CaOODSP)9.500666 |
| 856 | 40|qPDF|s157 Ko|uhttps://publications.gc.ca/collections/collection_2024/sen/YB441-287-1.pdf |
| 856 | 4 |qHTML|sS.O.|uhttps://www.parl.ca/documentviewer/fr/44-1/projet-loi/S-287/premiere-lecture |